000
00339nam a2200145Ia 4500
008
230718s9999 xx 000 0 und d
041
_a
Eng.
082
_a
34002
_b
ABI-T
100
_a
Abid S.A
245
4
_a
The employee serial security 1965
260
_a
Pakistan
_b
Punjab law book
_c
2000
300
_a
48
650
_a
Law
999
_c
28093
_d
28093